Discurso que formó, tocante a la Real Hacienda y administracion de ella /

Bibliographic Details
Main Author: Aznar, Bernardo Francisco
Format: eBook
Language:Spanish
Published: [Madrid] : [publisher not identified], [1727]
Series:Making of the modern world (Goldsmiths'-Kress Library of Economic Literature)
Subjects:
Online Access:Connect to the full text of this electronic book

MARC

Tag First Indicator Second Indicator Subfields
LEADER 00000cam a2200000La 4500
001 in00002292821
005 20190326195449.0
006 m | d |
007 cr |n||||||||n
008 880825s1727 sp s 000 0 spa d
040 |a GKS  |c GKS  |d OCL  |d Thomson Gale  |d UtOrBLW 
043 |a e-sp--- 
100 1 |a Aznar, Bernardo Francisco. 
245 1 0 |a Discurso que formó, tocante a la Real Hacienda y administracion de ella /  |c don Bernardo Francisco Aznar ... 
264 1 |a [Madrid] :  |b [publisher not identified],  |c [1727] 
300 |a 357 pages ;  |c 21 cm. 
336 |a text  |b txt  |2 rdacontent 
337 |a computer  |b c  |2 rdamedia 
338 |a online resource  |b cr  |2 rdacarrier 
500 |a "En el se incluyen ... todas las rentas que su Magestad goza en las dos Castillas, Galicia, y Asturias ..." 
500 |a Place and date of publication from Kress Lib. 
500 |a Reproduction of original from Kress Library of Business and Economics, Harvard University. 
500 |a Goldsmiths'-Kress number 06562.1. 
510 4 |a OCLC,  |c 20889501 
533 |a Electronic reproduction.  |b Farmington Hills, Mich. :  |c Thomson Gale,  |d 2005.  |f (The making of the modern world).  |n Available via the World Wide Web.  |n Access limited to licensing agreements.  |7 s2005 miunns 
500 |a Electronic resource. 
650 0 |a Taxation  |z Spain  |v Early works to 1800. 
655 0 |a Electronic books. 
830 0 |a Making of the modern world (Goldsmiths'-Kress Library of Economic Literature) 
856 4 0 |u http://proxy.library.tamu.edu/login?url=http://galenet.galegroup.com/servlet/MOME?af=RN&ae=U100635383&srchtp=a&ste=14&locID=txshracd2898  |z Connect to the full text of this electronic book  |t 0 
999 |a MARS 
999 f f |s 28bf9286-9966-3d1d-bafe-183e654daf09  |i 2ea01756-dd49-3c71-a366-f28731b016a6  |t 0 
952 f f |a Texas A&M University  |b College Station  |c Electronic Resources  |d Available Online  |t 0  |h No information provided 
998 f f |t 0  |l Available Online